Káva

Bibliographic Details
Other Authors: Smekalová, Barbora (Translator), Košková, Klára (Translator)
Format: Book
Language:Slovak
English
Published: Praha Ottovo nakladatelství 2005
Subjects:

MARC

LEADER 00000cam a2200000 a 4500
001 vtls008825627
003 SK-MaSNL
005 20260301165609.0
008 251031s2005 xr o f 000 0 slo
020 |a 8073603969 (viaz.) 
035 |a HEVK53449 
040 |a SNK  |b slo  |c SNK  |e AACR2 
041 1 |a slo  |h eng 
044 |a xr  |c CZ 
072 7 |a 663  |x Priemysel nápojov. Kvasný priemysel. Priemysel pochutín  |2 konspekt 
080 |a 663.93  |2 2001 
080 |a 641.87:663.93  |2 2001 
080 |a (0.062)  |2 2001 
130 0 |a La dolce vita, coffee  |l Slovensky  |9 534565 
245 0 0 |a Káva  |c [z anglického originálu preložili Barbora Smekalová a Klára Košková] 
260 |a Praha  |b Ottovo nakladatelství  |c 2005 
300 |a 64 s.  |b fotogr., ilustr.  |c 16 cm 
650 0 7 |a káva  |2 SNKPH  |9 3503 
650 0 7 |a Coffee  |2 SNKPHeng  |9 338375 
655 7 |a populárno-náučné publikácie  |2 SNKPH  |9 70460 
655 7 |a Popular works  |2 SNKPHeng  |9 90287 
700 1 |a Smekalová, Barbora  |4 trl  |9 534566 
700 1 |a Košková, Klára  |4 trl  |9 5512 
919 |a 80-7360-396-9 
999 |c 824821  |d 826751 
952 |a SNK  |b SNK  |y PREZ  |7 0  |p 17A0510454  |o snkSD 76178  |i snk2006/24255  |8 3  |g 6.61  |0 0  |1 0  |4 0  |d 2006-11-20  |l 0  |r 2025-11-24 00:00:00  |w 2026-02-24